| 000 | 01565nam a2200373 i 4500 | ||
|---|---|---|---|
| 005 | 20220317002101.0 | ||
| 007 | ta | ||
| 008 | 201210r20132020ck er 000 0 spa d | ||
| 020 | _a9789589002704 | ||
| 040 |
_aCO-BoRNBP _bspa _erda _cCO-BoRNBP |
||
| 041 | 0 | _aspa | |
| 082 | 0 | 4 |
_aCo864.08 _bJ87e _222 |
| 100 | 1 |
_aJurado Valencia, Fabio _d1954- _eautor |
|
| 245 | 1 | 0 |
_aEnsayos literarios _buna antología _cselección y prólogo de Fabio Jurado Valencia ; Fernando Cruz Kronfly ... [y otros siete] |
| 250 |
_aPrimera edición _bQuinta reimpresión |
||
| 264 | 1 |
_aBogotá _bLoqueleo _bDistribuidora y Editora Richmond _c2016 _c2020 |
|
| 300 |
_a177 páginas _c22 cm |
||
| 336 |
_2rdacontent _atexto _btxt |
||
| 337 |
_2rdamedia _asin mediación _bn |
||
| 338 |
_2rdacarrier _avolumen _bnc |
||
| 521 | _aRecomendado para público adulto | ||
| 650 | 1 | 7 |
_2LEMB _aEnsayos colombianos _vColecciones _ySiglo XX |
| 650 | 1 | 7 |
_2LEMB _aLiteratura colombiana _xHistoria y critica _vColecciones _ySiglo XX |
| 650 | 1 | 7 |
_2LEMB _aAutores colombianos _xHistoria y critica _vColecciones _ySiglo XX |
| 700 | 1 |
_aCruz Kronfly, Fernando _d1943- _eautor _977487 |
|
| 700 | 1 |
_aGlantz, Margo _d1930- _eautora _9165540 |
|
| 700 | 1 |
_aGutiérrez Girardot, Rafael _d1928- _eautor _9165541 |
|
| 700 | 1 |
_aRoca, Juan Manuel _d1946- _eautor _94374 |
|
| 700 | 1 |
_aTraba, Marta _d1930-1983 _eautora _9165542 |
|
| 700 | 1 |
_aValencia Goelkel, Hernando _d1928-2004 _eautor _9165543 |
|
| 700 | 1 |
_aVolkening, Ernesto _d1908-1982 _eautor _9165544 |
|
| 700 | 1 |
_aZalamea, Jorge _d1905-1969 _eautor _9165545 |
|
| 942 |
_2ddc _cBK |
||
| 999 |
_c9129 _d9129 |
||